| 000 | 00595nam a2200193Ia 4500 | ||
|---|---|---|---|
| 008 | 191130s2009##################000#0#eng## | ||
| 020 | _a9780521171571 | ||
| 040 |
_aACL _cACL |
||
| 082 | _a621.382 MAD | ||
| 100 | _aMadhow, Upamanyu | ||
| 245 |
_aFundamentals of digital communication _cUpamanyu Madhow |
||
| 260 |
_aCambridge _bCambridge University Press _c2009 |
||
| 300 | _axiv, 499 p. : ill. ; 26 cm | ||
| 500 | _aIncludes bibliographical references and index | ||
| 650 | _aDigital communications | ||
| 990 | _a474dc4c0ac10000c75f52e520b1cb9ba | ||
| 991 | _a161934 | ||
| 999 |
_c264253 _d264253 |
||